000 01721cam a22002054a 4500
005 20250605164149.0
008 250528s ||||||||||||||||||||||||d
035 _a19324
020 _a9603513512
040 _aGR-AtMCL
_bgre
_dGR-AtMCL
_eAACR2
245 1 _aΑνάπτυξη Συστημάτος Προϋπολογισμού - Απολογισμού και Τεχνική των Αποκλίσεων
250 _a
260 _bΣταμούλης Α,
_c2001
300 _a240
520 _aΜε συνοδευτικό CD Εφαρμογής. Πίνακας Περιεχομένων, Εισαγωγή, Η Δυναμική της Πρόβλεψης στην Οικονομική Μονάδα, Πώς Εμηνεύεται (Η Δυναμική της Πρόβλεψης), Πώς Αναπτύσσεται (Η Δυναμική της Πρόβλεψης), Πώς Εφαρμόζεται (Η Δυναμική της Πρόβλεψης), Τεχνική των Αποκλίσεων, Κύρια Ανάπτυξη Εκτίμηση Συντελεστή Σταθερότητας, Παράδειγμα Εκτίμησης Προϋπολογισμού, Ειδική Ανάπτυξη, Υπόδειγμα Ανάπτυξης Προϋπολογισμού, Εκτίμηση Προϋπολογισμού Πελατειακού Τομέα (Πελατείας Επιχειρήσεων και Ιδιωτών), Ανάπτυξη Προϋπολογισμού, Αιτιολόγηση του Προϋπολογισμού και Εκτίμηση της Εξέλιξης της Επιχείρησης, Προσάρτημα.
700 1 _aΠαϊκόπουλος Γεώργιος Η
_95567
942 _cBK
999 _c4584
_d4584